Popular Candy - Statistics

General Stats
  • This quiz has been taken 1,521 times
    1,519 since last reset
  • The average score is 8 of 15
Answer Stats
Hint Answer % Correct
"Taste the Rainbow" Skittles
90%
"You got chocolate in my peanut better" Reeses Peanut Butter Cups
86%
"Have a Break, Have a..." Kit Kat
81%
"Nobody better lay a finger on my..." Butterfinger
77%
"Hungry? Why wait?" Snickers
74%
"Sour Then Sweet" Sour Patch Kids
64%
"Melts on your tongue, not in your hands" MnMs
61%
"How many licks does it take to get to the center of a...? The world may never know." Tootsie Pop
61%
"Two for me, None for you" Twix
51%
"Isn't Life Juicy" Starburst
40%
"There's a smile in ever bar" Hershey
36%
"Get the Sensation" York Mint
15%
"Outta Control" Air Heads
14%
"Makes your mouth happy" Twizzlers
14%
"For the Kid in You" Crunch
12%
No matching quizzes found
Score Distribution
Percent of People with Each Score
Percentile by Number Answered
Your Score History
You have not taken this quiz since the last reset